000 00211nam a22000857a 4500
001 1235140
005 20250930103707.0
245 _aADALET VE HAKSIZLIK
_cBRIGİTTE LABBE
260 _bGÜNIŞIĞI KİTAPLIĞI YAYINLARI
999 _c1235140
_d1235140